00519 2200205 4500245005500000020001800055250001100073100001600084700002100100700001800121700001700139650001700156005001900173260004200192041001400234084001300248300003200261336000900293338001100302 aPsychic Detective Yakumo Vol. 6cOda, SuzukahText a9786022661283 aCet. 1 aOda, Suzuka aKaminaga, Manabu aAswini Rosita aYoke Yuliana aKomik Jepang a20230130085204 aJakartabGramedia Pustaka Utamac2019 aIndonesia a741.5592 a... jil. :bilus. ;c18 cm. atext avolume